| 000 | 00716nam a2200229 a 4500 | ||
|---|---|---|---|
| 005 | 20250307063819.0 | ||
| 008 | 050216s2000 mx r 000 0 spa d | ||
| 020 | _a8420743968 | ||
| 035 | _aUPN01000137471 | ||
| 049 | _aCG | ||
| 050 | 4 |
_aBF697 _bM6.6 |
|
| 100 | 1 | _aMorilla, Benigno | |
| 245 | 1 | 0 |
_aPiensa bien y acertarás : _bcómo superar los errores básicos de la mente / _cBenigno Morilla ; pról. Ramiro Calle. |
| 260 |
_aMadrid : _bOberon, _c2000. |
||
| 300 | _a216 p. | ||
| 440 | 0 | _aTemas clave de superación personal | |
| 650 | 4 |
_aIdentidad (Psicología) _96603 |
|
| 650 | 4 |
_aPensamiento _95399 |
|
| 650 | 4 |
_aComunicación interpersonal _96549 |
|
| 650 | 2 |
_aAutopercepción _93822 |
|
| 905 | _aLibro | ||
| 999 |
_c109622 _d109622 |
||